|
|
|
|
| LEADER |
00000nab a2200000 a 4500 |
| 001 |
vtls008304085 |
| 003 |
SK-MaSNL |
| 005 |
20260304143933.0 |
| 008 |
250505c2005 xo zr|p|||||||000 b|slo |
| 015 |
|
|
|a SNBRB2005/10
|2 snkbucl
|
| 035 |
|
|
|a (uuid)3ddcc9ce-d8dc-466a-be80-974e03609bae
|
| 035 |
|
|
|a urn:nbn:sk:snk-abvkc
|
| 035 |
|
|
|a (urnnbn)urn:nbn:sk:snk:ar-a044nb
|
| 038 |
|
|
|a SNKBUCL
|
| 040 |
|
|
|a SNKBUCL
|b slo
|c SNKBUCL
|e AACR2
|
| 041 |
0 |
|
|a slo
|
| 044 |
|
|
|a xo
|c SK
|
| 080 |
|
|
|a 796.525
|x (234.3)
|2 1997
|
| 080 |
|
|
|a 796.92
|2 1997
|
| 100 |
1 |
|
|a Štofan, Bohuslav
|4 aut
|9 373500
|
| 245 |
1 |
0 |
|a Extrémy Goldberggruppe
|c Bohuslav Štofan
|
| 300 |
|
|
|b Fotogr.
|
| 648 |
|
7 |
|a 2005
|2 snkbucl
|9 305506
|
| 650 |
0 |
7 |
|a skialpinizmus
|2 snkbucl
|9 24168
|
| 651 |
|
7 |
|a Goldberggruppe (Alpy)
|2 snkbucl
|9 1465168
|
| 773 |
0 |
|
|t Jamesák
|g Roč. XXXVII, č. 3 (2005), s. 30-31
|x 1335-3896
|
| 850 |
|
|
|a Slovenská národná knižnica
|
| 852 |
|
|
|a Slovenská národná knižnica
|
| 954 |
|
|
|a odborná, vedecká literatúra pôvodná (slovenská)
|2 lita
|
| 958 |
|
|
|a article27
|
| 958 |
|
|
|a OND
|
| 958 |
|
|
|a EUIPO
|
| 999 |
|
|
|c 2928416
|d 2930346
|